Normal view
MARC view
- محاكم النقض والابرام -- الاردن (قانون المرافعات ) -- الاردن -- الاردن -- محكمة التمييز
Entry Topical Term
001 - CONTROL NUMBER
- control field: 47099
003 - CONTROL NUMBER IDENTIFIER
- control field: JO-AjAnu
005 - DATE AND TIME OF LATEST TRANSACTION
- control field: 20230606081759.0
008 - FIXED-LENGTH DATA ELEMENTS
- fixed length control field: 230606|| aca||aabn | a|a d
040 ## - CATALOGING SOURCE
- Original cataloging agency: JO-AjAnu
- Transcribing agency: JO-AjAnu
150 ## - HEADING--TOPICAL TERM
- Topical term or geographic name entry element: محاكم النقض والابرام -- الاردن (قانون المرافعات ) -- الاردن -- الاردن -- محكمة التمييز
670 ## - SOURCE DATA FOUND
- Source citation: Work cat.: (JO-AjAnu)24104: إعداد حداد، تركي, author 47098, المبادئ القانونية لمحكمة التميز في القضايا الحقوقية المنشورة في مجلة نقابة المحامين منذ بداية سنة 1963 حتى نهاية سنة 1970، الجزءالثاني، القسم الاول ( أ-خ)